书目信息 |
| 题名: |
五国普通教育
|
|
| 作者: | ;刘树范 译 ;日本文部省 编 | |
| 分册: | ||
| 出版信息: | 北京 教育科学出版社 1982 |
|
| 页数: | 239页 | |
| 开本: | 19cm | |
| 丛书名: | ||
| 单 册: | ||
| 中图分类: | G51 | |
| 科图分类: | ||
| 主题词: | 教育事业--世界 | |
| 电子资源: | ||
| ISBN: | ||
| 000 | 00782nam0 2200253 45 | |
| 001 | 0182003914 | |
| 005 | 20050406113343.0 | |
| 010 | @dCNY0.77 | |
| 091 | @a7232.125 | |
| 100 | @a19950726d1982 em y0chiy0121 ea | |
| 101 | 1 | @achi@cjpn |
| 102 | @aCN@b110000 | |
| 105 | @ay z 000yy | |
| 200 | 10 | @a五国普通教育@Awu guo pu tong jiao yu@e苏、法、西德、英、美@ESu、Fa、XiDe、Ying、Mei@f日本文部省编@FRi Ben Wen Bu Sheng Bian@g刘树范等译 |
| 210 | @a北京@c教育科学出版社@d1982 | |
| 215 | @a239页@d19cm | |
| 517 | @a苏、法、西德、英、美@ASu、Fa、Xi De、Ying、Mei | |
| 606 | 0 | @a教育事业@x世界 |
| 690 | @aG51@v3 | |
| 702 | 0 | @a刘树范@Aliu shu fan@4译 |
| 711 | 02 | @a日本文部省@4编 |
| 801 | 0 | @aCN@b上海图书馆@c20040424 |
| 801 | 2 | @aCN@bNLC@c20040424 |
| 905 | @dG51@e1@f1@b174571 | |
| 五国普通教育:苏、法、西德、英、美/日本文部省编/刘树范等译.-北京:教育科学出版社,1982 |
| 239页;19cm |
| ISBN :CNY0.77 |
| ● |
| 相关链接 |
|
|
|
|
正题名:五国普通教育
索取号:G51/1
 
预约/预借
| 序号 | 登录号 | 条形码 | 馆藏地/架位号 | 状态 | 备注 |
| 1 | 0095987 | 000462261 | 第四借阅区/ [索取号:G51/1] | 在馆 | |
| 2 | 0095988 | 000462270 | 密集书库/ [索取号:G51/1] | 在馆 | |
| 3 | 0095989 | 000460842 | 密集书库/ [索取号:G51/1] | 在馆 | |
| 4 | 0095990 | 001869945 | 密集书库/ [索取号:G51/1] | 在馆 | |
| 5 | 0095991 | 000460888 | 第一样本阅览室/ [索取号:G51/1] | 在馆 | |
| 6 | 0174569 | 000460833 | 密集书库/ [索取号:G51/1] | 在馆 | |
| 7 | 0174571 | 000460879 | 第四借阅区/ [索取号:G51/1] | 在馆 |